Normal view
MARC view
- Reddy,G. Lokanadha / Sujathamalini,J
Entry Personal Name
001 - CONTROL NUMBER
- control field: 130
003 - CONTROL NUMBER IDENTIFIER
- control field: JO-AjAnu
005 - DATE AND TIME OF LATEST TRANSACTION
- control field: 20230606070325.0
008 - FIXED-LENGTH DATA ELEMENTS
- fixed length control field: 230606|| aca||aabn | a|a d
040 ## - CATALOGING SOURCE
- Original cataloging agency: JO-AjAnu
- Transcribing agency: JO-AjAnu
100 ## - HEADING--PERSONAL NAME
- Personal name: Reddy,G. Lokanadha / Sujathamalini,J
670 ## - SOURCE DATA FOUND
- Source citation: Work cat.: (JO-AjAnu)69: Reddy,G. Lokanadha / Sujathamalini,J, author, Children With Disabilities: Awareness, Attitude and Competencies of Teachers